Learning VBScript
Saved in:
| Main Author: | |
|---|---|
| Format: | Book |
| Language: | English |
| Published: |
Cambridge : Sebastopol, CA :
O'Reilly,
1997
|
| Series: | Nutshell handbook
|
| Subjects: | |
| Tags: |
Add Tag
No Tags, Be the first to tag this record!
|
MARC
| LEADER | 00000nam a2200000 i 4500 | ||
|---|---|---|---|
| 001 | 1/98671 | ||
| 008 | 000121s1997 eng d | ||
| 020 | |a 1-56592-247-6 | ||
| 035 | |l 10056598 | ||
| 040 | |a GR-MY-UA |b gre |e aacr | ||
| 041 | 0 | |a eng | |
| 082 | 0 | |a 005.2762 | |
| 100 | 0 | |a Lomax, Paul. | |
| 245 | 1 | 0 | |a Learning VBScript / |c Paul Lomax |
| 260 | |a Cambridge : |a Sebastopol, CA : |b O'Reilly, |c 1997 | ||
| 300 | |a xv, 598 p.; |b ill.; |c 24 cm.+ |e 1 computer laser optical disc (4 3/4 in.) | ||
| 490 | 1 | |a Nutshell handbook | |
| 500 | |a Includes index | ||
| 650 | 0 | 0 | |a VBScript (Computer program language) |
| 650 | 0 | 0 | |a Internet programming. |
| 650 | 0 | 0 | |a Web sites. |
| 830 | 0 | |a Nutshell handbook | |
| 852 | |a INST |b SAMOS |e 20000121 |h 005.2762 LOM |p 005300015942 |q 005300015942 |t BK |y 0 | ||
| 852 | |a INST |b SAMOS |e 20000514 |h 005.2762 LOM |p 005300015437 |q 005300015437 |t BK |y 0 | ||
| 901 | |a BIBL3-2000-2 | ||
| 909 | |a Σ |b 071225 | ||
| 909 | |a Σ |b 067686 | ||
| 922 | |a 3ΕΛΗ |b 199912 |c ΤΠΕΣ |d ΠΑΠΑΣΩΤΗΡΙΟΥ | ||
| 950 | |a 133-1999-07-20 | ||
| 970 | |z 2000/05/ΜΠΡΑΤΤΗΣ | ||